| 000 | 00631cab a2200205 4500 | ||
|---|---|---|---|
| 001 | ABS44117 | ||
| 008 | 090401t xxu||||| |||| 00| 0 eng d | ||
| 035 | _a(Sirsi) u45416 | ||
| 041 | _aeng | ||
| 100 | _aDale, G.J. | ||
| 245 | _aTreatment of rent-free periods on rent review | ||
| 260 | _c11(2) Winter 1990/91, 111-117(4) | ||
| 350 | _a0 | ||
| 490 |
_aRent Review & Lease Renewal _v11(2) Winter 1990/91, 111-117(4) |
||
| 520 | _aExamines how to handle rent-free periods in valuing property for rent review . | ||
| 650 |
_aValuation _96273 |
||
| 690 | _aLANDLORD AND TENANT-RENT REVIEWS | ||
| 942 | _n0 | ||
| 948 | _c04/03/1997 | ||
| 999 |
_c28822 _d28822 |
||